Normal view
MARC view
Entry Personal Name
001 - CONTROL NUMBER
- control field: 12730
003 - CONTROL NUMBER IDENTIFIER
- control field: ARRUPE
005 - DATE AND TIME OF LATEST TRANSACTION
- control field: 20141118150240.0
008 - FIXED-LENGTH DATA ELEMENTS
- fixed length control field: 141118|| aca||aabn | a|a d
040 ## - CATALOGING SOURCE
- Original cataloging agency: ARRUPE
- Transcribing agency: ARRUPE
100 ## - HEADING--PERSONAL NAME
- Personal name: Dobson, Theodore E.
670 ## - SOURCE DATA FOUND
- Source citation: Work cat.: (ARRUPE): Dobson, Theodore E., The falling phenomenon, 1986